00610cam a2200193 a 4500001000400000003000900004005001700013008004100030040002800071082002500099245007800124250001200202260003800214300002800252504004100280650003500321651004100356700001900397778BD-DhUAP20200126110610.0200126s1995 bg b 000 0 eng  aDLCcDLCdBD-DhUAPbEng 223a320.95492082 WOM00aWomen in politics and bureaucracy /cedited by Jahanara Huq ... [et al.]. a1st ed. aDhaka :bWomen for Women,cc1995. aiv, 115 pages ;c23 cm. aIncludes bibliographical references. 0aWomen PoliticianszBangladesh. 0aBangladeshxPolitics and government.1 aHuq, Jahanara.